000 00332nam a22001457a 4500
020 _a978-8123906430
041 _aENG
100 _aJacobs.M.B
245 _aThe Chemical Analysis Of Foods And Food Products
250 _aThird Ed
260 _aNew Delhi
_bCBS
_c1999
300 _a970
650 _aAPE
856 _uAPE (10 )
999 _c1765
_d1765